=LDR 00000nam 2200000 4500 =001 INLIS000000000018579 =005 20200305080223 =035 ##$$a 0010-061300000018579 =008 200305################g##########0#ind## =041 ##$$a Ind =082 ##$$a 100 =090 ##$$a 100, Sum b =100 ##$$a Sumargono, Suyono =245 1#$$a Berpikir secara kefilsafatan /$c Drs. Suyono Sumargono =260 ##$$a Yogyakarta :$b Nur Cahaya,$c 1988 =300 ##$$a viii, 282 hlm., ; $c 20 x 15 cm. =650 #4$$a FILSAFAT =850 ##$$a NBPNMAT =084 ##$$a 100 SUM b =250 ##$$a Ed. Lengkap =990 ##$$a 1039900 =990 ##$$a 1039903 =990 ##$$a 1039901 =990 ##$$a 1039902 =990 ##$$a 1039903 =990 ##$$a 1039900 =990 ##$$a 1039901 =990 ##$$a 1039902